| 000 | 00637nam a2200229Ia 4500 | ||
|---|---|---|---|
| 003 | OSt | ||
| 005 | 20230411120548.0 | ||
| 008 | 210423s2008 xx 000 0 und d | ||
| 020 | _a8123903650 | ||
| 040 | _cAL | ||
| 041 | _aeng | ||
| 082 |
_a615.19 _223 _b ALIT |
||
| 100 |
_aALI (Mohammed). _979372 |
||
| 245 | _aTextbook of pharmaceutical organic chemistry. | ||
| 260 |
_aNew Delhi _bCBS Publications _c2008 |
||
| 300 |
_aviii,475 _bPB |
||
| 365 |
_b180 _cINR |
||
| 650 |
_aMedical Sciences _979373 |
||
| 650 |
_aPharmaceutical Chemistry _979374 |
||
| 906 | _achemistry. ; organic ; pharmaceutical ; Textbook | ||
| 942 |
_2ddc _cBK |
||
| 999 |
_c154431 _d154431 |
||